000 00650nam a2200265Ia 4500
005 20260121161434.0
008 008 260114s9999 xx 000 0 eng d
020 _a9781315066523
037 _aEBOOK
040 _aCRL
040 _beng
040 _cCRL
041 _2eng
041 _aeng
084 _qCRL
100 _aGreening International Institutions
_91044814
245 0 _aJacob Werksman
260 _bTaylor and Francis
260 _c1996
650 _aSustainable Development
_91044815
856 _uhttp://www.taylorfrancis.com/books/9781315066523
942 _cEBOOK
999 _c1610815
_d1610815